|
|
|
|
| LEADER |
00000nam0a2200000 4500 |
| 001 |
116967 |
| 005 |
20231031123503.0 |
| 020 |
|
|
|a RU
|b 86-56776
|
| 035 |
|
|
|a (RuTPU)RU\TPU\book\126577
|
| 090 |
|
|
|a 116967
|
| 100 |
|
|
|a 20070529d1986 km y0rusy5003 ca
|
| 101 |
0 |
|
|a rus
|
| 102 |
|
|
|a UA
|
| 105 |
|
|
|a a z 001zy
|
| 200 |
1 |
|
|a Повышение прочности и выносливости бетона
|f И. М. Грушко, А. Г. Ильин, Э. Д. Чихладзе
|
| 210 |
|
|
|a Харьков
|c Вища шк
|c Изд-во при Харьк. гос. ун-те
|d 1986
|
| 215 |
|
|
|a 148,[1] с.
|c ил.
|
| 320 |
|
|
|a Библиогр.: с. 144-147 (80 назв.).
|
| 610 |
1 |
|
|a бетон
|
| 610 |
1 |
|
|a прочность
|
| 610 |
1 |
|
|a повышение
|
| 610 |
1 |
|
|a высокопрочные бетоны
|
| 610 |
1 |
|
|a армирование
|
| 675 |
|
|
|a 666.972
|z rus
|
| 700 |
|
1 |
|a Грушко
|b И. М.
|g Иван Макарович
|4 070
|
| 701 |
|
1 |
|a Ильин
|b А. Г.
|g Аркадий Германович
|
| 701 |
|
1 |
|a Чихладзе
|b Э. Д.
|g Элгуджа Давыдович
|
| 801 |
|
0 |
|a RU
|b RuMRKP
|c 19950704
|g psbo
|
| 801 |
|
1 |
|a RU
|b 63413507
|c 20070529
|g PSBO
|
| 801 |
|
2 |
|a RU
|b 63413507
|c 20080919
|g PSBO
|
| 942 |
|
|
|c BK
|